000 00654nam a2200241Ia 4500
003 OSt
005 20220918201605.0
006 a|||||r|||| 00| 0
007 ta
008 220917b |||||||| |||| 00| 0 eng d
024 _a95,003
037 _cTextual
040 _aARTS
_cARTS
_beng
041 _2eng
_aeng
082 _aV1N45-594, 122 J6
100 _aBelin Jacqueline
_999659
245 0 _ala suisee et les Nations Unies
260 _c1956
490 _aEtudes nationale sur l'Organisation internationale; 5
650 _aHISTORY
942 _hV1N45-594, 122 J6
_cTEXL
_2CC
999 _c218628
_d218628